[Event "XXI Autunno Scacchitico Veneziano Magistrale"]
[Site "Venezia ITA"]
[Date "2014.11.02"]
[Round "4"]
[White "Balzan, Alessandro"]
[Black "Faccia, Sergio"]
[WhiteElo "1921"]
[BlackElo "1998"]
[Result "1-0"]
[PlyCount "63"]
[EventDate "2014.10.31"]

1. d4 Nf6 2. Nf3 c5 3. d5 g6 4. c4 b5 5. e3 bxc4 6. Bxc4 d6 7. O-O Bg7 8. Nc3
O-O 9. Qe2 Bg4 10. h3 Bxf3 11. Qxf3 Nbd7 12. Qe2 Nb6 13. Bb3 Qc7 14. Rd1 c4 15.
Bc2 Rfc8 16. e4 Rab8 17. Rb1 Nfd7 18. Be3 a5 19. Nb5 Qb7 20. Nd4 Ra8 21. f3 a4
22. a3 Nb8 23. Qf2 N6d7 24. f4 Nc5 25. f5 Nb3 26. fxg6 hxg6 27. Bxb3 cxb3 28.
Rf1 Rf8 29. Nf3 Nd7 30. Ng5 Nf6 31. Qh4 Nh5 32. g4 1-0

[Event "XXI Autunno Scacchitico Veneziano Magistrale"]
[Site "Venezia ITA"]
[Date "2014.11.02"]
[Round "4"]
[White "Benetti, Lorenzo"]
[Black "Pitzanti, Matteo"]
[WhiteElo "1968"]
[BlackElo "2043"]
[Result "0-1"]
[PlyCount "69"]
[EventDate "2014.10.31"]

1. d4 d5 2. c4 dxc4 3. e3 Nf6 4. Bxc4 a6 5. Nf3 e6 6. O-O b5 7. Be2 Bb7 8. Nbd2
Be7 9. Ne5 Nbd7 10. Nd3 c5 11. dxc5 Nxc5 12. Nxc5 Bxc5 13. a3 O-O 14. b4 Bb6
15. Bb2 Nd5 16. Nb3 Qg5 17. e4 Nf4 18. Bf3 Nh3+ 19. Kh1 Nxf2+ 20. Rxf2 Bxf2 21.
Na5 Rab8 22. Qc2 Bb6 23. Nxb7 Rxb7 24. Rd1 Rc7 25. Qd3 Rcc8 26. Qb3 Rfd8 27. e5
Rxd1+ 28. Qxd1 Qe3 29. Bb7 Rd8 30. Qf1 Qd2 31. Bxa6 Qxb2 32. Bxb5 Qxa3 33. Be2
Qxb4 34. Bh5 g6 35. Be2 0-1

[Event "XXI Autunno Scacchitico Veneziano Magistrale"]
[Site "Venezia ITA"]
[Date "2014.11.02"]
[Round "4"]
[White "Bianchi, Andrea"]
[Black "Sbarra, Marco"]
[WhiteElo "2147"]
[BlackElo "2170"]
[Result "0-1"]
[PlyCount "54"]
[EventDate "2014.10.31"]

1. e4 e5 2. Nf3 Nc6 3. Bc4 Nf6 4. d3 Bc5 5. c3 a6 6. Nbd2 Ba7 7. Bb3 d6 8. O-O
Ne7 9. Re1 Ng6 10. Nf1 O-O 11. Ng3 Be6 12. Bg5 h6 13. Bd2 d5 14. h3 Re8 15.
exd5 Bxd5 16. Bc2 c5 17. a4 Qc7 18. a5 Rad8 19. Nh2 Re6 20. Ng4 Nh4 21. Ne3 Bc6
22. Ngf5 Nxf5 23. Nxf5 e4 24. Bb3 Bb8 25. g3 Ree8 26. d4 Qd7 27. d5 Bxd5 0-1

[Event "XXI Autunno Scacchitico Veneziano Magistrale"]
[Site "Venezia ITA"]
[Date "2014.11.02"]
[Round "4"]
[White "Capaliku, Aleks"]
[Black "Barp, Alberto"]
[WhiteElo "2029"]
[BlackElo "2183"]
[Result "0-1"]
[PlyCount "54"]
[EventDate "2014.10.31"]

1. e3 d5 2. f4 Nf6 3. Nf3 c5 4. b3 g6 5. Bb5+ Bd7 6. a4 Bg7 7. Bb2 O-O 8. O-O
a6 9. Bxd7 Nbxd7 10. d3 b5 11. Qe2 Nb6 12. axb5 axb5 13. Nbd2 Qc7 14. Be5 Qb7
15. e4 Nfd7 16. Bxg7 Kxg7 17. exd5 Nxd5 18. Rxa8 Rxa8 19. c4 N5f6 20. f5 Re8
21. fxg6 hxg6 22. Ne5 bxc4 23. dxc4 Nxe5 24. Qxe5 Rd8 25. Nf3 Qxb3 26. Qxe7 Rd1
27. Qxf6+ Kxf6 0-1

[Event "XXI Autunno Scacchitico Veneziano Magistrale"]
[Site "Venezia ITA"]
[Date "2014.11.02"]
[Round "4"]
[White "Caprio, Guido"]
[Black "Sorbera, Giovanni"]
[WhiteElo "2412"]
[BlackElo "2131"]
[Result "1-0"]
[PlyCount "117"]
[EventDate "2014.10.31"]

1. c4 Nf6 2. Nc3 c6 3. d4 d5 4. e3 e6 5. Nf3 Nbd7 6. Qc2 Bd6 7. Bd3 dxc4 8.
Bxc4 b5 9. Be2 Bb7 10. O-O O-O 11. e4 e5 12. dxe5 Nxe5 13. Nd4 b4 14. Nf5 bxc3
15. Rd1 Ne8 16. Qxc3 Qf6 17. Nxd6 Nxd6 18. f4 Nxe4 19. Qxe5 Qxe5 20. fxe5 Rfe8
21. Bc4 Nc5 22. Bf4 Ba6 23. Rac1 Bxc4 24. Rxc4 Ne6 25. Be3 Rab8 26. b3 Rb5 27.
Rxc6 a5 28. Rd3 Rxe5 29. Rc4 f5 30. g3 g5 31. Kf1 Kf7 32. Bd2 Kg6 33. Bc3 Re4
34. Rxe4 fxe4 35. Rd6 h5 36. Bxa5 g4 37. Bd2 h4 38. gxh4 Kh5 39. Rd5+ Kxh4 40.
Be1+ g3 41. Re5 Kg4 42. hxg3 Kf3 43. Rf5+ Kg4 44. Re5 Kf3 45. Bf2 Ng7 46. Rxe8
Nxe8 47. a4 e3 48. Be1 Nd6 49. a5 Nb5 50. a6 Ke4 51. g4 Kf4 52. Ke2 Kxg4 53.
Kxe3 Kf5 54. Bg3 Ke6 55. Bb8 Nc3 56. a7 Nd5+ 57. Kd4 Nb6 58. Kc5 Kd7 59. Kxb6
1-0

[Event "XXI Autunno Scacchitico Veneziano Magistrale"]
[Site "Venezia ITA"]
[Date "2014.11.02"]
[Round "4"]
[White "Dappiano, Andrea"]
[Black "Omeri, Silvan"]
[WhiteElo "2211"]
[BlackElo "2162"]
[Result "1-0"]
[PlyCount "131"]
[EventDate "2014.10.31"]

1. e4 c5 2. Nc3 Nc6 3. g3 a6 4. Bg2 h5 5. h3 d6 6. Nge2 e6 7. O-O Qc7 8. d3 b5
9. Be3 Bb7 10. f4 Nf6 11. f5 b4 12. Na4 e5 13. c3 Be7 14. cxb4 Nxb4 15. a3 Nc6
16. b4 Nd4 17. Rc1 Bc6 18. Nxd4 cxd4 19. Bxd4 Qb7 20. Bf2 O-O 21. Nb6 Rab8 22.
Nc4 Bb5 23. Re1 Rfc8 24. Qb3 Rc7 25. Na5 Qc8 26. Be3 Rxc1 27. Rxc1 Qd7 28. d4
Bd8 29. Nc4 Rc8 30. d5 Rc7 31. Kh2 Rc8 32. Nb2 Rxc1 33. Bxc1 Bb6 34. a4 Qc7 35.
Bd2 Be2 36. Qc3 Qxc3 37. Bxc3 Be3 38. a5 Bd4 39. Bxd4 exd4 40. Kg1 d3 41. Kf2
Nd7 42. Nc4 Kf8 43. Bf1 Bxf1 44. Kxf1 Nf6 45. Nd2 Nd7 46. Kf2 Ne5 47. Ke3 Ke7
48. Nf3 Nd7 49. Kxd3 Kd8 50. Kd4 f6 51. Nd2 Ne5 52. Nc4 Nf7 53. Ke3 Kc7 54. Kf4
Kd7 55. g4 h4 56. Nd2 Ng5 57. Nf3 Nxh3+ 58. Ke3 Kc7 59. Nxh4 Ng5 60. Nf3 Nf7
61. Kf4 Kd7 62. Kg3 Nh8 63. Kh4 g6 64. g5 fxg5+ 65. Kxg5 gxf5 66. exf5 1-0

[Event "XXI Autunno Scacchitico Veneziano Magistrale"]
[Site "Venezia ITA"]
[Date "2014.11.02"]
[Round "4"]
[White "Fezza, Davide"]
[Black "Lezzerini, Marco"]
[WhiteElo "2106"]
[BlackElo "1994"]
[Result "1-0"]
[PlyCount "105"]
[EventDate "2014.10.31"]

1. e4 d5 2. exd5 Nf6 3. d4 Nxd5 4. c4 Nb6 5. Be2 g6 6. Nf3 Bg7 7. h3 O-O 8. Nc3
Nc6 9. Be3 e5 10. d5 Ne7 11. g4 f5 12. gxf5 Nxf5 13. Bg5 Bf6 14. Bxf6 Qxf6 15.
Ne4 Qe7 16. c5 Nd7 17. d6 cxd6 18. cxd6 Qe8 19. Qd5+ Kg7 20. O-O-O Nb6 21.
Qxe5+ Qxe5 22. Nxe5 Re8 23. f4 Nd7 24. Nc3 Nxe5 25. fxe5 Bd7 26. Bf3 Rxe5 27.
Bxb7 Rb8 28. Bf3 Ne3 29. Rd4 Nf5 30. Rc4 Rc8 31. Rb4 Re3 32. Rb7 Rxf3 33. Rxd7+
Kg8 34. Re1 Rxh3 35. Rc7 Nxd6 36. Rxc8+ Nxc8 37. Re8+ Kg7 38. Rxc8 g5 39. Rc7+
Kg6 40. Rxa7 g4 41. Rd7 g3 42. Rd1 g2 43. Ne2 Kf5 44. Kd2 Ke4 45. Rg1 Rh2 46.
a4 Kf3 47. a5 Rh6 48. b4 Rd6+ 49. Kc3 Kf2 50. b5 Rd8 51. a6 Ra8 52. Kd4 h5 53.
Rxg2+ 1-0

[Event "XXI Autunno Scacchitico Veneziano Magistrale"]
[Site "Venezia ITA"]
[Date "2014.11.02"]
[Round "4"]
[White "Gromovs, Sergejs"]
[Black "Basso, Pier Luigi"]
[WhiteElo "2243"]
[BlackElo "2312"]
[Result "0-1"]
[PlyCount "60"]
[EventDate "2014.10.31"]

1. d4 f5 2. f3 Nf6 3. Nc3 d5 4. Bg5 c6 5. Qd3 Qa5 6. O-O-O b5 7. a3 Na6 8. Na2
e6 9. b4 Qc7 10. g4 fxg4 11. e4 gxf3 12. e5 Ne4 13. Be3 Qf7 14. h4 f2 15. Ne2
Nb8 16. Bg2 a5 17. Bxe4 dxe4 18. Qxe4 axb4 19. Rhf1 Rxa3 20. Kb2 Qf5 21. Qxf5
exf5 22. Bxf2 Be6 23. Nec1 Nd7 24. Be1 Ra4 25. d5 Bxd5 26. Rxf5 Nb6 27. Kb1 Nc4
28. Rd4 Bc5 29. Rdf4 Be6 30. Rg5 Be3 0-1

[Event "XXI Autunno Scacchitico Veneziano Magistrale"]
[Site "Venezia ITA"]
[Date "2014.11.02"]
[Round "4"]
[White "Seletsky, Grigory"]
[Black "Vianello, Enrico"]
[WhiteElo "2358"]
[BlackElo "2112"]
[Result "0-1"]
[PlyCount "52"]
[EventDate "2014.10.31"]

1. e4 c5 2. Nf3 e6 3. d4 cxd4 4. Nxd4 Nc6 5. Nxc6 bxc6 6. c4 Nf6 7. Bd3 d5 8.
cxd5 cxd5 9. Nd2 Be7 10. O-O O-O 11. e5 Nd7 12. f4 Ba6 13. Bxa6 Qb6+ 14. Kh1
Qxa6 15. Nb3 Rfc8 16. Be3 Rab8 17. Bd4 g6 18. g4 Nc5 19. Rf3 Rb4 20. Rc3 Rc4
21. Qf1 Ne4 22. Rxc4 Rxc4 23. a3 Qa4 24. Qd3 Rxd4 25. Qxd4 Qxb3 26. Rf1 Bc5 0-1

[Event "XXI Autunno Scacchitico Veneziano Magistrale"]
[Site "Venezia ITA"]
[Date "2014.11.02"]
[Round "4"]
[White "Seresin, Francesco"]
[Black "Redo, Giorgio"]
[WhiteElo "2091"]
[BlackElo "2078"]
[Result "1/2-1/2"]
[PlyCount "133"]
[EventDate "2014.10.31"]

1. d4 c5 2. d5 e5 3. e4 d6 4. Nf3 Nf6 5. Nc3 a6 6. a4 b6 7. Be2 g6 8. Nd2 h5 9.
Nc4 Nbd7 10. O-O Qc7 11. f4 Bg7 12. fxe5 Nxe5 13. Nxe5 dxe5 14. Bg5 Qd6 15. Qd2
Ng4 16. Bxg4 hxg4 17. Qf2 f6 18. Be3 f5 19. a5 f4 20. axb6 Rxh2 21. Bxc5 Qf6
22. Ne2 g3 23. Nxg3 Qh4 24. Ra3 Bb7 25. Qf3 Kd7 26. Kf2 g5 27. Ke2 g4 28. Qf2
Rc8 29. Nf5 Qxf2+ 30. Bxf2 Bf8 31. Rc3 Rxc3 32. bxc3 g3 33. Bg1 Rxg2+ 34. Kd3
a5 35. Nh4 Ba6+ 36. c4 Bxc4+ 37. Kxc4 Rxc2+ 38. Kb5 Bb4 39. Ka6 Rb2 40. Rc1 a4
41. Nf3 Bd6 42. Bc5 a3 43. Bxd6 Kxd6 44. Ra1 a2 45. Ka7 Rb3 46. Nh4 Ra3+ 47.
Kb8 Kd7 48. Kb7 f3 49. Nxf3 Rxf3 50. Rxa2 Rf2 51. Ra3 g2 52. Rg3 Re2 53. Rg7+
Kd6 54. Rg6+ Kd7 55. Ka8 Rxe4 56. Rxg2 Rb4 57. b7 Ra4+ 58. Kb8 Ra5 59. Rd2 Kd6
60. Kc8 Rc5+ 61. Kd8 Rb5 62. Kc8 Rc5+ 63. Kb8 Ra5 64. Rb2 Kd7 65. d6 e4 66. Rb4
e3 67. Rb2 1/2-1/2

[Event "XXI Autunno Scacchitico Veneziano Magistrale"]
[Site "Venezia ITA"]
[Date "2014.11.02"]
[Round "4"]
[White "Xia, Jie"]
[Black "Mrdja, Milan"]
[WhiteElo "2287"]
[BlackElo "2386"]
[Result "0-1"]
[PlyCount "70"]
[EventDate "2014.10.31"]

1. b3 d6 2. Bb2 Bg4 3. d4 Nd7 4. f3 Bh5 5. g4 Bg6 6. h4 h5 7. g5 e6 8. e3 Ne7
9. Bd3 c5 10. Bxg6 Nxg6 11. f4 cxd4 12. Qxd4 Ne7 13. Ne2 Nf5 14. Qd2 d5 15. Nd4
Ng3 16. g6 Nxh1 17. gxf7+ Kxf7 18. Qh2 Be7 19. Qxh1 Bxh4+ 20. Ke2 Bf6 21. f5
Nc5 22. fxe6+ Nxe6 23. Nxe6 Kxe6 24. Bxf6 gxf6 25. Nd2 Rc8 26. c4 dxc4 27. Nxc4
Qd5 28. e4 Qb5 29. Qh3+ Ke7 30. a4 Qd7 31. Qc3 Qg4+ 32. Kf2 Qf4+ 33. Ke2 Qxe4+
34. Kf2 Qf4+ 35. Ke2 Kf7 0-1

[Event "XXI Autunno Scacchitico Veneziano Magistrale"]
[Site "Venezia ITA"]
[Date "2014.11.02"]
[Round "4"]
[White "Zamengo, Fulvio"]
[Black "Gallo, Enrico"]
[WhiteElo "2163"]
[BlackElo "2105"]
[Result "1-0"]
[PlyCount "57"]
[EventDate "2014.10.31"]

1. e4 c5 2. Nf3 e6 3. d4 cxd4 4. Nxd4 Nc6 5. Nc3 a6 6. Nxc6 bxc6 7. Bd3 e5 8.
O-O Bc5 9. Kh1 Ne7 10. f4 d6 11. f5 O-O 12. Qh5 f6 13. Rf3 g6 14. Qh4 d5 15.
exd5 Nxf5 16. Qc4 cxd5 17. Qxc5 e4 18. Nxe4 dxe4 19. Bxe4 Qd1+ 20. Qg1 Qxg1+
21. Kxg1 Rb8 22. b3 Nd4 23. Rf2 Be6 24. Bb2 Rbd8 25. Bd3 a5 26. Re1 Kf7 27. Rf4
Nf5 28. g4 g5 29. gxf5 1-0

[Event "XXI Autunno Scacchitico Veneziano Magistrale"]
[Site "Venezia ITA"]
[Date "2014.11.02"]
[Round "5"]
[White "Barp, Alberto"]
[Black "Zamengo, Fulvio"]
[WhiteElo "2183"]
[BlackElo "2163"]
[Result "1/2-1/2"]
[PlyCount "34"]
[EventDate "2014.10.31"]

1. d4 Nf6 2. Bg5 e6 3. e4 h6 4. Bxf6 Qxf6 5. c3 d5 6. Nd2 c5 7. Ngf3 cxd4 8.
Nxd4 Bc5 9. N4f3 O-O 10. Bd3 Nc6 11. O-O d4 12. Nb3 Bb6 13. cxd4 Nxd4 14. Nbxd4
Bxd4 15. Nxd4 Qxd4 16. Qe2 e5 17. Bc4 Qb6 1/2-1/2

[Event "XXI Autunno Scacchitico Veneziano Magistrale"]
[Site "Venezia ITA"]
[Date "2014.11.02"]
[Round "5"]
[White "Basso, Pier Luigi"]
[Black "Dappiano, Andrea"]
[WhiteElo "2312"]
[BlackElo "2211"]
[Result "1-0"]
[PlyCount "65"]
[EventDate "2014.10.31"]

1. c4 e5 2. g3 Nc6 3. Nc3 g6 4. Bg2 Bg7 5. e4 d6 6. Nge2 f5 7. d3 Nf6 8. O-O
O-O 9. Nd5 Be6 10. Bg5 Qd7 11. Qd2 Nh5 12. exf5 Bxf5 13. b4 Rae8 14. b5 Nd8 15.
Be3 c6 16. Ndc3 Bh3 17. Bxa7 Bxg2 18. Kxg2 Ne6 19. f3 c5 20. a4 Nd4 21. Nxd4
exd4 22. Nd5 Nf6 23. Nxf6+ Rxf6 24. Rae1 Re3 25. Rxe3 dxe3 26. Qe2 Re6 27. a5
d5 28. Bxc5 dxc4 29. dxc4 Qd2 30. Qxd2 exd2 31. Bb4 Re2+ 32. Kh3 Re1 33. Rxe1
1-0

[Event "XXI Autunno Scacchitico Veneziano Magistrale"]
[Site "Venezia ITA"]
[Date "2014.11.02"]
[Round "5"]
[White "Faccia, Sergio"]
[Black "Zamengo, Bruno"]
[WhiteElo "1998"]
[BlackElo "2001"]
[Result "1-0"]
[PlyCount "119"]
[EventDate "2014.10.31"]

1. e4 e6 2. c4 Ne7 3. Nf3 b6 4. d4 f5 5. Bd3 Bb7 6. Nc3 fxe4 7. Bxe4 Bxe4 8.
Nxe4 Nf5 9. O-O Be7 10. d5 O-O 11. dxe6 dxe6 12. Bg5 Nd6 13. Bxe7 Qxe7 14. Qe2
Nd7 15. Rae1 Nxe4 16. Qxe4 Rae8 17. Re3 a5 18. b3 Nc5 19. Qg4 Rf6 20. Ne5 Ref8
21. Qe2 Rf5 22. f3 Qg5 23. a3 Nxb3 24. Nd7 Nd4 25. Qd3 Rxf3 26. Rexf3 Rxf3 27.
Rxf3 Nxf3+ 28. Qxf3 Qc1+ 29. Qf1 Qe3+ 30. Kh1 Qxa3 31. c5 h6 32. cxb6 cxb6 33.
Nxb6 Qb4 34. Nc4 a4 35. Qc1 Qc5 36. h3 a3 37. Qc2 e5 38. Qb3 Qd5 39. Qb8+ Kh7
40. Nxa3 Qd1+ 41. Kh2 Qa4 42. Qb1+ Kh8 43. Qb8+ Kh7 44. Qb1+ Kh8 45. Nc2 Qf4+
46. Kh1 Qe4 47. Qd1 Qa4 48. Qd8+ Kh7 49. Ne3 Qe4 50. Qd2 Qf4 51. Kg1 Kh8 52.
Qf2 Qd4 53. Ng4 Qa1+ 54. Kh2 Kg8 55. Qg3 Qd4 56. Nxh6+ Kh7 57. Nf5 Qd7 58. Qxe5
Kg8 59. Qd5+ Qxd5 60. Ne7+ 1-0

[Event "XXI Autunno Scacchitico Veneziano Magistrale"]
[Site "Venezia ITA"]
[Date "2014.11.02"]
[Round "5"]
[White "Fezza, Davide"]
[Black "Seletsky, Grigory"]
[WhiteElo "2106"]
[BlackElo "2358"]
[Result "1/2-1/2"]
[PlyCount "29"]
[EventDate "2014.10.31"]

1. e4 c5 2. Nf3 Nc6 3. d4 cxd4 4. Nxd4 Nf6 5. Nc3 e5 6. Ndb5 d6 7. Nd5 Nxd5 8.
exd5 Nb8 9. c4 Nd7 10. Be2 Be7 11. O-O O-O 12. Kh1 a6 13. Nc3 f5 14. f4 exf4
15. Bxf4 1/2-1/2

[Event "XXI Autunno Scacchitico Veneziano Magistrale"]
[Site "Venezia ITA"]
[Date "2014.11.02"]
[Round "5"]
[White "Gallo, Enrico"]
[Black "Capaliku, Aleks"]
[WhiteElo "2105"]
[BlackElo "2029"]
[Result "1-0"]
[PlyCount "77"]
[EventDate "2014.10.31"]

1. e4 e5 2. Nf3 Nc6 3. Bb5 Nf6 4. O-O Nxe4 5. Re1 Nd6 6. Nxe5 Nxe5 7. Rxe5+ Be7
8. Bd3 O-O 9. Nc3 Bf6 10. Re3 c6 11. Bxh7+ Kxh7 12. Qh5+ Kg8 13. Rh3 Bh4 14.
Rxh4 f6 15. Qh7+ Kf7 16. d3 Ne8 17. Bh6 d5 18. Re1 Rg8 19. Bf4 f5 20. Qh5+ g6
21. Qh7+ Rg7 22. Qh8 Be6 23. Rh7 d4 24. Be5 Rxh7 25. Qxh7+ Kf8 26. Bxd4 Qxd4
27. Rxe6 Ng7 28. Qh8+ Kf7 29. Qxa8 Kxe6 30. Qxb7 Kd6 31. Ne2 Qf6 32. Qb8+ Ke6
33. c3 Qe7 34. d4 Kf7 35. Qe5 Ne6 36. g3 Qb7 37. b3 Qa6 38. a4 Qd3 39. Qxe6+
1-0

[Event "XXI Autunno Scacchitico Veneziano Magistrale"]
[Site "Venezia ITA"]
[Date "2014.11.02"]
[Round "5"]
[White "Lezzerini, Marco"]
[Black "Seresin, Francesco"]
[WhiteElo "1994"]
[BlackElo "2091"]
[Result "1/2-1/2"]
[PlyCount "25"]
[EventDate "2014.10.31"]

1. e4 d6 2. d4 Nf6 3. Nc3 g6 4. f4 Bg7 5. Nf3 c5 6. e5 Ng4 7. Bb5+ Bd7 8. e6
fxe6 9. Ng5 Bxb5 10. Nxe6 Bxd4 11. Nxd8 Bf2+ 12. Kd2 Be3+ 13. Ke1 1/2-1/2

[Event "XXI Autunno Scacchitico Veneziano Magistrale"]
[Site "Venezia ITA"]
[Date "2014.11.02"]
[Round "5"]
[White "Mrdja, Milan"]
[Black "Caprio, Guido"]
[WhiteElo "2386"]
[BlackElo "2412"]
[Result "1/2-1/2"]
[PlyCount "23"]
[EventDate "2014.10.31"]

1. e4 e5 2. Nf3 Nf6 3. Nxe5 d6 4. Nf3 Nxe4 5. Qe2 Qe7 6. d3 Nf6 7. Bg5 Qxe2+ 8.
Bxe2 Be7 9. Nc3 c6 10. O-O-O Na6 11. Rhe1 Nc7 12. Ne4 1/2-1/2

[Event "XXI Autunno Scacchitico Veneziano Magistrale"]
[Site "Venezia ITA"]
[Date "2014.11.02"]
[Round "5"]
[White "Omeri, Silvan"]
[Black "Gromovs, Sergejs"]
[WhiteElo "2162"]
[BlackElo "2243"]
[Result "1-0"]
[PlyCount "67"]
[EventDate "2014.10.31"]

1. c4 c6 2. d4 d5 3. Nc3 Nf6 4. Bg5 e6 5. e3 Nbd7 6. f4 Be7 7. Nf3 O-O 8. c5 b6
9. b4 a5 10. a3 Ng4 11. bxa5 bxc5 12. Qd2 cxd4 13. exd4 Rxa5 14. Bd3 f6 15. Bh4
Rxa3 16. Rxa3 Bxa3 17. O-O Bb4 18. h3 Nh6 19. Qc2 Nf5 20. Bxf5 exf5 21. Na2 Qa5
22. Nxb4 Qxb4 23. Qxc6 Qc4 24. Qe6+ Kh8 25. Qe7 Rg8 26. Ra1 h6 27. Ra7 Qc1+ 28.
Kh2 Qxf4+ 29. Bg3 Qe4 30. Rxd7 Bxd7 31. Qxd7 f4 32. Be1 Ra8 33. Bd2 Ra1 34. Qd6
1-0

[Event "XXI Autunno Scacchitico Veneziano Magistrale"]
[Site "Venezia ITA"]
[Date "2014.11.02"]
[Round "5"]
[White "Pitzanti, Matteo"]
[Black "Bianchi, Andrea"]
[WhiteElo "2043"]
[BlackElo "2147"]
[Result "0-1"]
[PlyCount "130"]
[EventDate "2014.10.31"]

1. d4 d5 2. Nf3 e6 3. e3 Nf6 4. Bd3 c5 5. b3 Be7 6. O-O O-O 7. Nbd2 b6 8. Bb2
Bb7 9. Ne5 Qc7 10. f4 Nbd7 11. Rf3 c4 12. Nxd7 Qxd7 13. Be2 Rfc8 14. c3 b5 15.
Rh3 g6 16. Qe1 Ne4 17. Nxe4 dxe4 18. g4 f5 19. Qg3 Bd5 20. gxf5 exf5 21. Bd1
Qe8 22. Qe1 a5 23. Bc2 Qf7 24. Qd1 Rc6 25. Rg3 Kh8 26. bxc4 bxc4 27. Rb1 Rb6
28. Bc1 Rab8 29. Rxb6 Rxb6 30. Rg2 Qe8 31. Qe2 Qf8 32. Qd1 Kg7 33. h3 Kf7 34.
Rf2 Qb8 35. Kh2 Ke8 36. Rg2 Kd8 37. Qd2 Kc8 38. Rf2 Kb7 39. Rg2 Ka7 40. Kg1 h6
41. Qf2 Qf8 42. Qg3 Qf6 43. Rf2 Bd6 44. h4 Rb8 45. Rg2 Rg8 46. Kf1 Be7 47. h5
gxh5 48. Qh3 Rxg2 49. Qxg2 Bf7 50. Bd1 h4 51. Qh3 Bg6 52. Qg2 Qf7 53. Be2 Bh5
54. Kg1 h3 55. Bxh5 Qxh5 56. Qg7 Qg4+ 57. Qxg4 fxg4 58. Kh2 a4 59. Kg3 Kb6 60.
Bd2 Kc6 61. Kh2 Bh4 62. a3 Kd5 63. Kg1 Ke6 64. Kh2 Bf2 65. Bc1 Be1 0-1

[Event "XXI Autunno Scacchitico Veneziano Magistrale"]
[Site "Venezia ITA"]
[Date "2014.11.02"]
[Round "5"]
[White "Redo, Giorgio"]
[Black "Balzan, Alessandro"]
[WhiteElo "2078"]
[BlackElo "1921"]
[Result "1-0"]
[PlyCount "57"]
[EventDate "2014.10.31"]

1. f4 d5 2. Nf3 Nf6 3. e3 e6 4. b3 Be7 5. Bb2 b6 6. Nc3 O-O 7. Bd3 Nbd7 8. O-O
Bb7 9. Ne5 a6 10. Ne2 Nc5 11. Ng3 Nxd3 12. Nxd3 c5 13. Nh5 d4 14. Nxf6+ Bxf6
15. Qg4 Kh8 16. Rae1 dxe3 17. dxe3 Bxb2 18. Nxb2 f5 19. Qe2 Qh4 20. Nd3 Rf6 21.
Ne5 Kg8 22. Qf2 Qh5 23. Rd1 Rh6 24. g3 Qe8 25. Rd6 Rd8 26. Rfd1 Rxd6 27. Rxd6
Qe7 28. Rd7 Qe8 29. Rxb7 1-0

[Event "XXI Autunno Scacchitico Veneziano Magistrale"]
[Site "Venezia ITA"]
[Date "2014.11.02"]
[Round "5"]
[White "Sbarra, Marco"]
[Black "Sorbera, Giovanni"]
[WhiteElo "2170"]
[BlackElo "2131"]
[Result "1-0"]
[PlyCount "85"]
[EventDate "2014.10.31"]

1. d4 d5 2. c4 c6 3. Nf3 Nf6 4. e3 e6 5. b3 Bb4+ 6. Bd2 Bd6 7. Bd3 Nbd7 8. O-O
O-O 9. Nc3 e5 10. cxd5 cxd5 11. Nb5 Bb8 12. dxe5 Nxe5 13. Bc3 Bg4 14. Be2 Nc6
15. Rc1 a6 16. Nbd4 Qd6 17. Nxc6 bxc6 18. Be5 Qe6 19. Bb2 Ne4 20. Re1 Qh6 21.
h3 Bd7 22. Bd3 f5 23. Be5 Ba7 24. Bf4 g5 25. Bh2 Be8 26. b4 Bh5 27. Qc2 Rac8
28. Bxa6 f4 29. Bxc8 Rxc8 30. Nd4 fxe3 31. fxe3 g4 32. Bf4 Qf6 33. Qd1 Qg6 34.
Nxc6 Re8 35. Qxd5+ Kg7 36. Nxa7 gxh3 37. Rc7+ Kf8 38. g3 Bf3 39. Bd6+ Nxd6 40.
Qxf3+ Kg8 41. Rf1 Nf5 42. Rc8 Rxc8 43. Nxc8 1-0

[Event "XXI Autunno Scacchitico Veneziano Magistrale"]
[Site "Venezia ITA"]
[Date "2014.11.02"]
[Round "5"]
[White "Vianello, Enrico"]
[Black "Xia, Jie"]
[WhiteElo "2112"]
[BlackElo "2287"]
[Result "0-1"]
[PlyCount "94"]
[EventDate "2014.10.31"]

1. Nf3 Nf6 2. c4 d6 3. d4 Bg4 4. g3 Bxf3 5. exf3 g6 6. Bg2 c6 7. O-O Bg7 8. Re1
O-O 9. Nc3 d5 10. c5 b6 11. b4 a5 12. Na4 Nfd7 13. Bg5 f6 14. Bd2 b5 15. Nb2 f5
16. Bg5 Re8 17. Qd2 axb4 18. Qxb4 h6 19. Bf4 Qa5 20. Qxa5 Rxa5 21. Be5 Bxe5 22.
dxe5 Nxc5 23. Rec1 Na4 24. Nd3 e6 25. f4 Rc8 26. h4 h5 27. Rc2 Kf7 28. Rac1 Nb6
29. Bf1 Nc4 30. Nc5 Rc7 31. a4 bxa4 32. Nd3 c5 33. Ra1 Nc6 34. Nc1 Nb4 35. Rc3
Nb6 36. Nb3 axb3 37. Rxa5 c4 38. Rb5 Na4 39. Rxb3 cxb3 40. Rxb4 b2 41. Kg2 Rc1
42. Rb7+ Kg8 43. Rb8+ Kg7 44. Rb7+ Kh6 45. Bd3 Nc5 46. Rxb2 Nxd3 47. Rb6 Nc5
0-1

[Event "XXXII Coppa d'Oro"]
[Site "Villa Guardia ITA"]
[Date "2014.10.26"]
[Round "1"]
[White "Aldeghi, Damiano"]
[Black "Paniga, Danilo"]
[WhiteElo "1477"]
[BlackElo "1863"]
[Result "0-1"]
[PlyCount "65"]
[EventDate "2014.10.26"]

1. e4 d6 2. Nf3 Bg4 3. Nc3 c6 4. d4 e6 5. Be2 Nf6 6. e5 Nd5 7. Nxd5 cxd5 8. O-O
Nc6 9. exd6 Bxd6 10. h3 Bh5 11. c3 O-O 12. Re1 a6 13. Ne5 Bxe2 14. Qxe2 Qf6 15.
Nf3 b5 16. Ne5 Bxe5 17. dxe5 Qf5 18. Qg4 Qxg4 19. hxg4 b4 20. cxb4 Nxb4 21. Re2
Rfc8 22. Be3 Rc6 23. a3 Nc2 24. Rc1 Rac8 25. Bf4 Nd4 26. Ree1 Rxc1 27. Bxc1
Rxc1 28. Rxc1 Ne2+ 29. Kf1 Nxc1 30. b4 Kf8 31. a4 Ke7 32. b5 axb5 33. axb5 0-1

[Event "XXXII Coppa d'Oro"]
[Site "Villa Guardia ITA"]
[Date "2014.10.26"]
[Round "1"]
[White "Centofante, Maria Rosa"]
[Black "Cairoli, Camillo"]
[WhiteElo "1543"]
[BlackElo "1957"]
[Result "0-1"]
[PlyCount "68"]
[EventDate "2014.10.26"]

1. d4 Nf6 2. Nf3 g6 3. c4 Bg7 4. Nc3 O-O 5. e4 d6 6. Be2 e5 7. d5 a5 8. O-O Na6
9. Qc2 h6 10. h3 Ne8 11. Nh2 f5 12. f4 Nf6 13. fxe5 dxe5 14. exf5 gxf5 15. Bd2
Nc5 16. Qd1 Nce4 17. Nxe4 Nxe4 18. Be1 Qe7 19. Kh1 Bd7 20. Rb1 c5 21. Qc2 b6
22. Rf3 Nd6 23. Rg3 f4 24. Rg6 Bf5 25. Rxg7+ Kxg7 26. Bd3 e4 27. Qc3+ Kh7 28.
Bc2 h5 29. g4 fxg3 30. Bxg3 Rae8 31. h4 Bg6 32. Re1 Nf5 33. Bxe4 Nxg3+ 34. Qxg3
Bxe4+ 0-1

[Event "XXXII Coppa d'Oro"]
[Site "Villa Guardia ITA"]
[Date "2014.10.26"]
[Round "1"]
[White "Colombo, Luca"]
[Black "Bernocchi, Luca"]
[WhiteElo "1807"]
[BlackElo "1371"]
[Result "1-0"]
[PlyCount "45"]
[EventDate "2014.10.26"]

1. e4 e5 2. d4 exd4 3. Qxd4 Nc6 4. Qd1 Nf6 5. Nd2 Bc5 6. h3 d6 7. Ngf3 O-O 8.
Bd3 Re8 9. O-O d5 10. exd5 Nxd5 11. Nb3 Bb6 12. Bc4 Nce7 13. Re1 c6 14. Bg5 f6
15. Be3 Bc7 16. Bc5 Bd6 17. Nfd4 Kf8 18. Qh5 h6 19. Re6 Bxc5 20. Nxc5 Ng8 21.
Rae1 Bd7 22. Rxe8+ Bxe8 23. Nde6+ 1-0

[Event "XXXII Coppa d'Oro"]
[Site "Villa Guardia ITA"]
[Date "2014.10.26"]
[Round "1"]
[White "Corti, Filippo"]
[Black "Bellotto, Stefano"]
[WhiteElo "1609"]
[BlackElo "1999"]
[Result "0-1"]
[PlyCount "76"]
[EventDate "2014.10.26"]

1. Nf3 c5 2. g3 Nc6 3. Bg2 g6 4. O-O Bg7 5. d3 d6 6. e4 e5 7. Be3 Nge7 8. Qd2
O-O 9. Nc3 Nd4 10. Ne2 Bg4 11. Nexd4 cxd4 12. Bh6 Rc8 13. Bxg7 Kxg7 14. c4 dxc3
15. bxc3 Qa5 16. Rfc1 Rc7 17. h3 Bd7 18. c4 Nc6 19. Qxa5 Nxa5 20. Rab1 Rfc8 21.
Rb2 b5 22. Nd2 a6 23. Nb3 Nb7 24. Rbc2 a5 25. Bf1 b4 26. Nd2 Nc5 27. Nb3 a4 28.
Nxc5 dxc5 29. f4 f6 30. Rf2 Rb8 31. fxe5 fxe5 32. h4 b3 33. Rb2 Rcb7 34. axb3
Rxb3 35. Ra2 Rb2 36. Rc2 a3 37. Be2 Rxc2 38. Rxc2 Rb2 0-1